Statistics for Countries with the Longest Coastlines in 1500

Click here to take the quiz!

General Stats

  • This quiz has been taken 32 times
  • The average score is 14 of 32

Answer Stats

Coastline (km)Answer% Correct
16,800China
97%
8,000France
90%
33,900Norway
90%
10,000Sweden
90%
2,400Denmark
86%
16,000Ottoman Empire
86%
4,800England
83%
2,300Portugal
83%
7,000Joseon
79%
7,200Inca Empire
69%
9,550Scotland
69%
7,000Mamluk Sultanate
59%
4,300Ayutthaya
52%
5,000Holy Roman Empire
52%
3,000Đại Việt
41%
4,150Aragon
34%
3,200Castile
34%
2,200Naples
34%
3,100Venice
34%
3,400Bengal Sultanate
17%
4,300Malacca
17%
2,200Cambodia
14%
2,800Crimea
14%
21,000Majapahit
14%
6,500Muscovy
14%
4,000Brittany
10%
6,860Brunei
10%
2,610Fiji
7%
2,500Aq Qoyunlu
3%
2,300Tunis
3%
3,800Pegu
0%
2,600Vijayanagara Empire
0%

Score Distribution

Percentile by Number Answered

Percent of People with Each Score

Your Score History

You have not taken this quiz